000 00569nam a22001817a 4500
003 NUST - PNEC
005 20170116180819.0
008 150615b xxu||||| |||| 00| 0 eng d
020 _a-
040 _cLIBRARY
082 _a378.1664 TAY
100 _93950
_aTaylor, Gordon Rattray
245 _aThe inventions that changed the world: An illustrated guide to man's practical genius throught the ages
_cGordon Rattray Taylor
260 _aLondon:
_bReader's Digest Association Limited,
_cc1982.
300 _a368 p. :
_c27 cm.
650 _xGeneral
942 _2ddc
_cBK
999 _c63655
_d63655